00934 2200337 4500001002100000005001500021035002000036007000300056008004100059040001700100100001800117245008400135250000900219300003800228504002900266020002200295041000800317082001100325084001700336090002200353260003000375650002000405700001700425850001000442990002400452990002400476990002400500990002400524990002400548990002400572INLIS00000000000215120260603095217 a0010-0220000002ta260603 0  aSBPUPADbind0 aEnceng Sobari1 aTeknologi Pengolahan Pangan :bPrinsip & Praktik /cEnceng Sobari, Editor: Maya aEd.1 axvi, 245 hlm. :bilus. ;c24,5 cm abibliografi, hlm 247-251 a978-979-29-6774-60 aind a664.02 a664.02 ENC t a664.02 ENC t 21-9 aYogyakarta :bAndi,c2018 4aTeknologi Kimia0 aEditor: Maya aPUPAD a33.599/DAK/DPK/2019 a33.601/DAK/DPK/2019 a33.598/DAK/DPK/2019 a33.602/DAK/DPK/2019 a33.602/DAK/DPK/2019 a33.600/DAK/DPK/2019